Groupes Coupe du monde 2010 - Statistiques

Statistiques générales
  • Ce quiz a été pris 1 315 fois
  • Le résultat moyen est 27 sur 32
Statistiques - réponses
Groupe A % Correct
Espagne
99%
France
99%
Afrique du Sud
97%
Argentine
97%
Brésil
97%
Mexique
96%
Uruguay
96%
Allemagne
95%
Italie
95%
Portugal
95%
Angleterre
93%
Japon
93%
Pays-Bas
93%
Etats-Unis
92%
Corée du Sud
88%
Algérie
87%
Suisse
87%
Chili
86%
Australie
85%
Ghana
85%
Cameroun
79%
Côte d'Ivoire
78%
Corée du Nord
73%
Danemark
71%
Nigeria
69%
Paraguay
68%
Grèce
67%
Serbie
66%
Slovaquie
62%
Honduras
61%
Nouvelle-Zélande
61%
Slovénie
58%
Aucun quiz correspondant
Distribution des résultats
% des personnes avec chaque résultat
Percentile par nombre de réponses
Votre historique - résultats
Vous n’avez pas pris ce quiz